000 00519cam a22001934a 4500
005 20250605163608.0
008 250528s ||||||||||||||||||||||||d
035 _a22425
020 _a9789604990146
040 _aGR-AtMCL
_bgre
_dGR-AtMCL
_eAACR2
245 1 _aΜΕΘΟΔΟΙ ΕΡΕΥΝΑΣ ΣΤΗΝ ΚΛΙΝΙΚΗ ΨΥΧΟΛΟΓΙΑ
250 _a1
260 _bΤοπος,
_c2011
300 _a260
700 1 _aΣταλικας Αναστασιος
942 _cBK
999 _c7477
_d7477